Building a Better Teacher (Record no. 11181)

MARC details
000 -LEADER
fixed length control field 00698nam a2200253 a 4500
001 - CONTROL NUMBER
control field 0001-1181
003 - CONTROL NUMBER IDENTIFIER
control field ELIB.Books
008 - FIXED-LENGTH DATA ELEMENTS--GENERAL INFORMATION
fixed length control field 150508 2010 eng
020 ## - INTERNATIONAL STANDARD BOOK NUMBER
International Standard Book Number 9780393081596
035 ## - SYSTEM CONTROL NUMBER
System control number (ELIB.Books)0001-1336
092 ## - LOCALLY ASSIGNED DEWEY CALL NUMBER (OCLC)
Classification number 371.1
Item number Gre
100 ## - MAIN ENTRY--PERSONAL NAME
Personal name Green, Elizabeth.
245 ## - TITLE STATEMENT
Title Building a Better Teacher
Remainder of title How Teaching Works and How to Teach It to Everyone
250 ## - EDITION STATEMENT
Edition statement First Edition
260 ## - PUBLICATION, DISTRIBUTION, ETC. (IMPRINT)
Place of publication, distribution, etc. New York
Name of publisher, distributor, etc. W. W. Norton & Company
Date of publication, distribution, etc. 2014
300 ## - PHYSICAL DESCRIPTION
Extent 372
Dimensions 24 Cm
500 ## - GENERAL NOTE
General note C/o Moe Lwei
650 ## - SUBJECT ADDED ENTRY--TOPICAL TERM
Topical term or geographic name as entry element Teachers & Teaching
856 ## - ELECTRONIC LOCATION AND ACCESS
Name of location of host KBTS: Library
Uniform Resource Identifier <a href="KBTS: Elib">KBTS: Elib</a>
942 ## - ADDED ENTRY ELEMENTS (KOHA)
Source of classification or shelving scheme Dewey Decimal Classification
Koha item type Books
990 ## - EQUIVALENCES OR CROSS-REFERENCES [LOCAL, CANADA]
Link information for 9XX fields 1
998 ## - LOCAL CONTROL INFORMATION (RLIN)
Cataloger's initials, CIN (RLIN) bat
-- 2015-05-08
Holdings
Withdrawn status Lost status Source of classification or shelving scheme Damaged status Not for loan Home library Current library Date acquired Total Checkouts Barcode Date last seen Bill Date Koha item type
    Dewey Decimal Classification     Karen Baptist Theological Seminary Library Karen Baptist Theological Seminary Library 08/05/2015   15429 22/01/2022 22/01/2022 Books
Implemented & Customized by: BestBookBuddies

Powered by Koha